| 000 | 00810nam a22001937a 4500 | ||
|---|---|---|---|
| 999 |
_c235854 _d235854 |
||
| 008 | 201130b ||||| |||| 00| 0 eng d | ||
| 040 |
_bger _cDE-2950 _erda _aDE-2950 |
||
| 041 | _ager | ||
| 100 | _aScherer, Antje: | ||
| 245 |
_aHungrig auf Neustart. _bInterview: Wie hat das Brandenburgische Staatsorchester Frankfurt das Pandemie-Jahr verbracht? Was lief gut, was schlecht, was steht an? Ein Gespräch mit den beiden Chefs / _cAntje Scherer |
||
| 653 | _aFrankfurt (Oder) | ||
| 653 | _aBrandenburgisches Staatsorchester | ||
| 653 | _aPandemie / Corona | ||
| 773 |
_dFrankfurt (Oder): Märkisches Verlags- und Druckhaus GmbH & Co KG _g32. Jahrgang (2021) Nr. 149 vom 30.06.2021, S.19 : Foto _tMärkische Oderzeitung |
||
| 942 | _cA | ||